| 000 | 01237nam a2200325 i 4500 | ||
|---|---|---|---|
| 001 | 14194 | ||
| 003 | KOSZ 005 | ||
| 005 | 20200706123032.0 | ||
| 008 | 071029s1971 pl a f 001 0 pol | ||
| 015 | _aPB 1971/7617 | ||
| 040 |
_aWA N _cWA N _dKOSZ 005/RW |
||
| 080 | _a621.37 | ||
| 100 | 1 |
_aRyżko, Stanisław _d(1910-1974) _eAutor |
|
| 245 | 1 | 0 |
_aWzmacniacze rezonasowe i genaratory mocy wielkiej częstotliwości / _cStanisław Ryżko, Jan Ebert. |
| 250 | _aWydanie 2 poprawione i rozszerzone. | ||
| 260 |
_aWarszawa : _bWydawnictwa Naukowo-Techniczne, _c1971. |
||
| 300 |
_a471, [1] stron, [1] karta tablic : _bilustracje ; _c24 cm. |
||
| 336 |
_aTekst _btxt _2rdacontent |
||
| 337 |
_aBez urządzenia pośredniczącego _bn _2rdamedia |
||
| 338 |
_aWolumin _bnc _2rdacarrier |
||
| 380 | _aKsiążki. | ||
| 504 | _aBibliografia na stronie [467]. Indeks. | ||
| 650 | 4 | _aGeneratory wielkiej częstotliwości. | |
| 658 | _aInżynieria i technika | ||
| 650 | 4 | _aWzmacniacz | |
| 700 | 1 |
_aEbert, Jan. _eAutor |
|
| 710 | 2 |
_aWydawnictwa Naukowo-Techniczne _4pbl. |
|
| 856 |
_uhttp://koha.tu.koszalin.pl/cgi-bin/koha/opac-detail.pl?biblionumber=14194 _yKatalog online BPK |
||
| 942 |
_2UKD _cKS |
||
| 999 |
_c14194 _d14194 |
||